000 00643nam a2200253Ia 4500
003 OSt
005 20221007061232.0
006 a|||||r|||| 00| 0
007 ta
008 221006b |||||||| |||| 00| 0 eng d
024 _a7,212
037 _cTextual
040 _aFLL
_cFLL
_beng
041 _2eng
_aeng
082 _aZ2,95993q, M4
100 _aEjaz
_9681771
245 0 _aLaw of maintenance
250 _a2nd
260 _aAllahabad
_bAshoka Law House India
_c1984
300 _axxi,274p
_ccm.
700 _a Ansari
_9681772
942 _hZ2,95993q, M4
_cTEXL
_2CC
999 _c1124700
_d1124700